| 000 | 00999cam a22002291 4500 | ||
|---|---|---|---|
| 001 | gs 27000263 | ||
| 003 | DLC | ||
| 005 | 20260227111331.0 | ||
| 008 | 820826s1927 kyu 000 0 eng c | ||
| 010 | _ags 27000263 | ||
| 035 | _a(OCoLC)8721884 | ||
| 040 |
_aU. S. Geol. Survey. Libr. _cGStG _dKyBB _dOCoLC _dDLC |
||
| 042 | _apremarc | ||
| 050 | 0 | 0 |
_aQE115 _b.A3 ser. 6, pam. 13 |
| 051 |
_aTN24.K4 _bJ56 _cCopy 2. |
||
| 100 | 1 |
_aJillson, Willard Rouse, _d1890- |
|
| 245 | 1 | 0 |
_aKentucky's mineral resources, _ba brief geologic and geographic review, coupled with summary statistics of production, _cby Willard Rouse Jillson, director and state geologist. Thirty-seven photographic illustrations and mineral index maps of Kentucky. |
| 260 |
_aFrankfort, Kentucky, _bThe Kentucky Geological Survey, _c1927. |
||
| 300 |
_a45 p. _bincl. front., illus., maps, tables. _c23 cm. |
||
| 410 | 2 | 0 |
_aKentucky Geological Survey. _tSeries VI. Pamphlet, _vno. 13. |
| 650 | 0 |
_aMines and mineral resources _zKentucky. |
|
| 999 |
_c26574 _d26574 |
||